00271nam a2200097Ia 4500008004100000245001500041250002500056260002400081260001200105300005600117191206s9999 xx 000 0 und d 0aLost world a[Re-edited version]. aKodascope Libraries cc[193-] a"1 videocasette of 1 (Beta) (71 min.) : sd., b&w ;"